One Piece Alabasta Characters - Statistics

General Stats
  • This quiz has been taken 480 times
  • The average score is 33 of 48
Answer Stats
Picture Answer % Correct
Monkey D. Luffy
99%
Nami
99%
Roronoa Zoro
99%
Sanji
99%
Nico Robin
98%
Tony Tony Chopper
98%
Usopp
98%
Nefertari Vivi
97%
Mr. 3
93%
Laboon
92%
Mr. 2
92%
Mr. 5
92%
Sir Crocodile
92%
Portgas D. Ace
91%
Smoker
91%
Mr. 1
90%
Mr 9
82%
Wapol
82%
Igaram
79%
Tashigi
79%
Dorry
78%
Mr. 4
78%
Brogy
77%
Karoo
76%
Crocus
75%
Nefertari Cobra
75%
Dr. Kureha
73%
Pell
72%
Miss Valentine
70%
Miss Golden Week
62%
Dalton
61%
Miss Merry Christmas
61%
Miss Monday
60%
Hina
59%
Dr. Hiriluk
55%
Miss Double Finger
55%
Mr. 13
51%
Koza
48%
Chaka
45%
Miss Friday
40%
Chess
35%
Kung-Fu Dugong
32%
Toto
29%
Lassoo
25%
Lashes
24%
Kuromarimo
22%
Terracotta
21%
Scissors
12%
No matching quizzes found
Score Distribution
Percent of People with Each Score
Percentile by Number Answered
Your Score History
You have not taken this quiz